| 000 | 01053cab a2200277 4500 | ||
|---|---|---|---|
| 001 | ABS56521 | ||
| 008 | 090401t1996 xxu||||| |||| 00| 0 eng d | ||
| 035 | _a(Sirsi) u24253 | ||
| 041 | _aeng | ||
| 100 | _aDawson, M. | ||
| 245 | _aWhat is the meaning of "knowledge" under the Limitation Act 1980? | ||
| 260 | _c1996 | ||
| 350 | _a0 | ||
| 490 |
_aProperty Management _v14(4) 1996, 11-14(4) |
||
| 520 | _aLimitation of Actions is extended where there are latent defects, the Limitation Act 1980 s14A. Examines the decision in "Spencer-Ward and another v Humberts" and how the court construed the statutory meaning of `knowledge` within the Act which starts the three-year period running in cases of latent defect. | ||
| 650 | _aLATENT DEFECTS | ||
| 650 | _aLIMITATION ACT 1980 | ||
| 650 | _aLIMITATION OF ACTIONS | ||
| 650 | _aNEGLIGENCE | ||
| 650 | _aSTRUCTURAL SURVEYS | ||
| 650 | _aTIME LIMITS | ||
| 690 | _aMANAGEMENT-BUSINESS MANAGEMENT-PROFESSIONAL PRACTICE | ||
| 700 | _aMidgley-Hunt, J. | ||
| 942 | _n0 | ||
| 948 | _c04/03/1997 | ||
| 999 |
_c16252 _d16252 |
||